| 000 | 00529nas a22001697a 4500 | ||
|---|---|---|---|
| 003 | IIN | ||
| 005 | 20260507121341.0 | ||
| 008 | 260507c2024 |||qr|j| |||| 00| 0 eng d | ||
| 040 | _aIIN | ||
| 245 |
_aNursing: Indian Journal of Medical Surgical Nursing _cASC Journals Nursing |
||
| 260 |
_aAurangabad: _bInnovational Publishers, _c2019- |
||
| 300 |
_a- Vol. 1, No. 1 (Jan.-Mar. 2019)- _bill. |
||
| 310 | _aQuarterly | ||
| 650 |
_aMedical-Surgical _xNursing |
||
| 856 | _uhttps://ascjournals.com/journal-details/11# | ||
| 942 |
_cSER _s1 |
||
| 999 |
_c1892 _d1892 |
||